000 00276nam a22001217a 4500
008 190315b xxu||||| |||| 00| 0 eng d
041 _aeng
080 _a043.3
100 _a0
101 _aMBE-BA
245 _aFinancimi i Zhvillimit te NVM-ve
_cJashari, A
942 _2udc
_cBK
999 _c54827
_d54827